000
00250nam a2200097Ia 4500
001
687465
005
20250826161556.0
008
250824s9999 xx 000 0 und d
245
0
_a
İMDAT ÇIKARIN BENİ BURADAN
_c
SALAH NAOURA
260
_b
TUDEM YAYINLARI
999
_c
687465
_d
687465